<?xml version="1.0" encoding="UTF-8"?>
<record
    xmlns:xsi="http://www.w3.org/2001/XMLSchema-instance"
    xsi:schemaLocation="http://www.loc.gov/MARC21/slim http://www.loc.gov/standards/marcxml/schema/MARC21slim.xsd"
    xmlns="http://www.loc.gov/MARC21/slim">

  <leader>00886nam a22002417a 4500</leader>
  <datafield tag="952" ind1=" " ind2=" ">
    <subfield code="a">0001</subfield>
    <subfield code="b">0001</subfield>
    <subfield code="d">2022-04-07</subfield>
    <subfield code="l">0</subfield>
    <subfield code="o">302.35 D52b 2020</subfield>
    <subfield code="p">020389</subfield>
    <subfield code="r">2022-04-07 00:00:00</subfield>
    <subfield code="w">2022-04-07</subfield>
    <subfield code="y">BKS</subfield>
  </datafield>
  <datafield tag="999" ind1=" " ind2=" ">
    <subfield code="c">14875</subfield>
    <subfield code="d">14875</subfield>
  </datafield>
  <controlfield tag="003">MIRAKIL</controlfield>
  <controlfield tag="005">20220407132114.0</controlfield>
  <controlfield tag="008">220407b        tu ||||| |||| 00| 0 tur d</controlfield>
  <datafield tag="020" ind1=" " ind2=" ">
    <subfield code="a">9786057764348</subfield>
  </datafield>
  <datafield tag="040" ind1=" " ind2=" ">
    <subfield code="a">TR-AnCHP</subfield>
    <subfield code="c">TR-AnCHP</subfield>
  </datafield>
  <datafield tag="041" ind1=" " ind2=" ">
    <subfield code="a">tur</subfield>
  </datafield>
  <datafield tag="082" ind1=" " ind2=" ">
    <subfield code="a">302.35</subfield>
    <subfield code="b">D52b 2020</subfield>
  </datafield>
  <datafield tag="100" ind1=" " ind2=" ">
    <subfield code="a">Christian, Diana Leafe </subfield>
  </datafield>
  <datafield tag="245" ind1="1" ind2="0">
    <subfield code="a">Birlikte bir ya&#x15F;am kurmak : </subfield>
    <subfield code="b">ekok&#xF6;yler ve niyetli topluluklar i&#xE7;in pratik bilgiler / </subfield>
    <subfield code="c">Diana Leafe Christian ; &#xE7;evirmen: Zeliha Y&#x131;ld&#x131;r&#x131;m </subfield>
  </datafield>
  <datafield tag="246" ind1=" " ind2=" ">
    <subfield code="a">ekok&#xF6;yler ve niyetli topluluklar i&#xE7;in pratik bilgiler </subfield>
  </datafield>
  <datafield tag="260" ind1=" " ind2=" ">
    <subfield code="a">&#x130;stanbul:</subfield>
    <subfield code="b">Yeni &#x130;nsan Yay&#x131;nevi, </subfield>
    <subfield code="c">2020.</subfield>
  </datafield>
  <datafield tag="300" ind1=" " ind2=" ">
    <subfield code="a">416 sayfa ; </subfield>
    <subfield code="c">22 sm.</subfield>
  </datafield>
  <datafield tag="490" ind1="0" ind2=" ">
    <subfield code="a">Yeni &#x130;nsan Yay&#x131;nevi:</subfield>
    <subfield code="a">Ekoloji Serisi:</subfield>
    <subfield code="v">244.</subfield>
    <subfield code="v">57.</subfield>
  </datafield>
  <datafield tag="504" ind1=" " ind2=" ">
    <subfield code="a">Kaynak&#xE7;a vard&#x131;r.</subfield>
  </datafield>
  <datafield tag="650" ind1=" " ind2="0">
    <subfield code="9">6158</subfield>
    <subfield code="a">Toplumsal ya&#x15F;am</subfield>
  </datafield>
  <datafield tag="740" ind1=" " ind2=" ">
    <subfield code="a">ekok&#xF6;yler ve niyetli topluluklar i&#xE7;in pratik bilgiler </subfield>
  </datafield>
  <datafield tag="942" ind1=" " ind2=" ">
    <subfield code="2">ddc</subfield>
    <subfield code="c">BKS</subfield>
  </datafield>
</record>
